000 004270000a22001810004500
003 MACL
005 20150916120550.0
008 150916b xxu||||| |||| 00| 0 eng d
040 _aMACL
_cMACL
041 _aEnglish
082 _a823
100 _aKapur, Manju
_911402
245 _aDifficult daughter
260 _bPenguin Books
_c1998
_aNew Delhi
350 _a250
650 _afiction
_911492
942 _cBK
_k823/KAP
_2ddc
999 _c44394
_d44394